The Ohio journal of science

Bibliographic Details
Previous Title:Ohio naturalist and journal of science
Corporate Authors: Ohio State University, Ohio Academy of Science
Format: Electronic Journal
Language:English
Published: Columbus, OH : Ohio Academy of Science
Subjects:
Online Access:Full text available from Research Library: 03/01/2001 to present

MARC

LEADER 00000nas a2200000 i 4500
001 ssj0017788
003 WaSeSS
005 20200512172242.0
006 m d
007 cr n
008 050616c19159999ohufr pss | a0eng
010 |a  2016201628 
022 |a 2471-9390  |y 0030-0950 
035 |a (WaSeSS)ssj0017788 
037 |b The Ohio Academy of Science, 1500 W. 3rd Ave, Ste. 228 Columbus, OH 43212 
040 |a OCLCS  |b eng  |c OCLCS  |d OCLCQ  |d UUO  |d OCLCQ  |d OCLCF  |d OCLCO  |d OCLCQ  |d DLC  |d OCLCA  |d ZAC  |d AUD  |d AU@  |d OCL  |d WaSeSS 
042 |a pcc  |a nsdp 
050 4 |a Q1 
060 0 0 |a W1  |b OH333 
082 1 0 |a 500  |2 23 
210 0 |a Ohio j. sci.  |b (Online) 
222 4 |a The Ohio journal of science  |b (Online) 
245 0 4 |a The Ohio journal of science  |h [electronic resource]. 
246 1 |a OJS 
260 |a Columbus, OH :  |b Ohio Academy of Science 
310 |a Semi-annual,  |b <2014-> 
321 |a Frequency varies,  |b 1915- 
362 1 |a Began with: Vol. 16, issue 1 (Nov. 1915). 
506 |a License restrictions may limit access. 
538 |a Mode of access: World Wide Web. 
550 |a Official organ of the Ohio State University Scientific Society, 1915-26, and of the Ohio Academy of Science, 1915- . 
555 |a Vols. 1-50, 1900/1901-1950. 1 v. 
588 |a Description based on: Vol. 114, no. 1 (2014); title from table of contents page (library.osu.edu website, viewed Apr. 15, 2016). 
588 |a Latest issue consulted: Vol. 115, no. 2 (2015) (viewed Apr. 15, 2016). 
650 0 |a Science  |v Periodicals. 
650 7 |a Science.  |2 fast  |0 (OCoLC)fst01108176 
655 0 |a Electronic journals. 
710 2 |a Ohio State University. 
710 2 |a Ohio Academy of Science. 
776 1 |t Ohio journal of science  |x 0030-0950  |w (DLC)sn 82002385  |w (OCoLC)4309463 
780 0 0 |t Ohio naturalist and journal of science 
856 4 0 |z Full text available from Research Library: 03/01/2001 to present  |u https://search.proquest.com/publication/60399